000 00659nam a2200277Ia 4500
005 20260324144151.0
008 008 260324s9999 xx 000 0 eng d
020 _a9780203985137
037 _aEBOOK
040 _aCRL
040 _beng
040 _cCRL
041 _2eng
041 _aeng
084 _qCRL
100 _aDaniel Miller; Michael Rowlands; Chris Tilley
_91218335
245 0 _aDomination and Resistance
260 _bTaylor and Francis
260 _c1989
365 _a
365 _b300
856 _uhttp://www.taylorfrancis.com/books/9780203985137
942 _cEBOOK
999 _c1824592
_d1824592